<?xml version="1.0" encoding="UTF-8"?>
<record
    xmlns:xsi="http://www.w3.org/2001/XMLSchema-instance"
    xsi:schemaLocation="http://www.loc.gov/MARC21/slim http://www.loc.gov/standards/marcxml/schema/MARC21slim.xsd"
    xmlns="http://www.loc.gov/MARC21/slim">

  <leader>00773nam a22001337a 4500</leader>
  <datafield tag="040" ind1=" " ind2=" ">
    <subfield code="c">RUA</subfield>
  </datafield>
  <datafield tag="082" ind1=" " ind2=" ">
    <subfield code="a">FOR LAY 2003 B143 Or.1</subfield>
  </datafield>
  <datafield tag="100" ind1=" " ind2=" ">
    <subfield code="a">LAY, PISETH.</subfield>
  </datafield>
  <datafield tag="245" ind1=" " ind2=" ">
    <subfield code="a">tenure ritghs system of natural resources utilization in community of chyoak village, rommany commune, rovieng district, preahvihear province (&#x1794;&#x17D2;&#x179A;&#x1796;&#x17D0;&#x1793;&#x17D2;&#x1791;&#x179F;&#x17B7;&#x1791;&#x17D2;&#x1792;&#x17B7;&#x1793;&#x17C3;&#x1780;&#x17B6;&#x179A;&#x1794;&#x17D2;&#x179A;&#x17BE;&#x1794;&#x17D2;&#x179A;&#x17B6;&#x179F;&#x17CB;&#x1792;&#x1793;&#x1792;&#x17B6;&#x1793;&#x1792;&#x1798;&#x17D2;&#x1798;&#x1787;&#x17B6;&#x178F;&#x17B7;&#x179A;&#x1794;&#x179F;&#x17CB;&#x179F;&#x17A0;&#x1782;&#x1798;&#x1793;&#x17CD; &#x1797;&#x17BC;&#x1798;&#x17B7;&#x1787;&#x17B8;&#x17A2;&#x17C4;&#x1780; &#x1783;&#x17BB;&#x17C6;&#x179A;&#x1798;&#x17D2;&#x1798;&#x178E;&#x17B8; &#x179F;&#x17D2;&#x179A;&#x17BB;&#x1780;&#x179C;&#x17C0;&#x1784; &#x1781;&#x17C1;&#x178F;&#x17D2;&#x178F;&#x1796;&#x17D2;&#x179A;&#x17C7;&#x179C;&#x17B7;&#x17A0;&#x17B6;&#x179A;)</subfield>
  </datafield>
  <datafield tag="260" ind1=" " ind2=" ">
    <subfield code="a">Phnom Penh</subfield>
    <subfield code="b">RUA</subfield>
    <subfield code="c">2003</subfield>
  </datafield>
  <datafield tag="300" ind1=" " ind2=" ">
    <subfield code="a">50p.</subfield>
    <subfield code="b">ill.</subfield>
    <subfield code="c">29cm.</subfield>
  </datafield>
  <datafield tag="856" ind1=" " ind2=" ">
    <subfield code="u">https://drive.google.com/file/d/1AaXeO_zaynM7VNTYy9pdZeZrBQycTmo6/view?usp=sharing</subfield>
  </datafield>
  <datafield tag="942" ind1=" " ind2=" ">
    <subfield code="c">FOR</subfield>
  </datafield>
  <datafield tag="999" ind1=" " ind2=" ">
    <subfield code="c">3510</subfield>
    <subfield code="d">3510</subfield>
  </datafield>
  <datafield tag="952" ind1=" " ind2=" ">
    <subfield code="0">0</subfield>
    <subfield code="1">0</subfield>
    <subfield code="2">ddc</subfield>
    <subfield code="4">0</subfield>
    <subfield code="6">FOR_LAY_2003_000000000000000_B143_OR_1</subfield>
    <subfield code="7">0</subfield>
    <subfield code="9">16878</subfield>
    <subfield code="a">LBB</subfield>
    <subfield code="b">LBB</subfield>
    <subfield code="c">B143</subfield>
    <subfield code="d">2015-11-17</subfield>
    <subfield code="o">FOR LAY 2003 B143 Or.1</subfield>
    <subfield code="p">rua026858</subfield>
    <subfield code="r">2015-11-17</subfield>
    <subfield code="w">2015-11-17</subfield>
    <subfield code="y">FOR</subfield>
  </datafield>
  <datafield tag="952" ind1=" " ind2=" ">
    <subfield code="0">0</subfield>
    <subfield code="1">0</subfield>
    <subfield code="2">ddc</subfield>
    <subfield code="4">0</subfield>
    <subfield code="6">FOR_LAY_2003_000000000000000_B143_OR_2</subfield>
    <subfield code="7">0</subfield>
    <subfield code="9">16879</subfield>
    <subfield code="a">LBB</subfield>
    <subfield code="b">LBB</subfield>
    <subfield code="c">B143</subfield>
    <subfield code="d">2015-11-17</subfield>
    <subfield code="o">FOR LAY 2003 B143 Or.2</subfield>
    <subfield code="p">RUA027580</subfield>
    <subfield code="r">2015-11-17</subfield>
    <subfield code="w">2015-11-17</subfield>
    <subfield code="y">FOR</subfield>
  </datafield>
  <datafield tag="952" ind1=" " ind2=" ">
    <subfield code="0">0</subfield>
    <subfield code="1">0</subfield>
    <subfield code="2">ddc</subfield>
    <subfield code="4">0</subfield>
    <subfield code="6">FOR_LAY_2003_000000000000000_B143_OR_3</subfield>
    <subfield code="7">0</subfield>
    <subfield code="9">16880</subfield>
    <subfield code="a">LBB</subfield>
    <subfield code="b">LBB</subfield>
    <subfield code="c">B143</subfield>
    <subfield code="d">2015-11-17</subfield>
    <subfield code="o">FOR LAY 2003 B143 Or.3</subfield>
    <subfield code="p">RUA026563</subfield>
    <subfield code="r">2015-11-17</subfield>
    <subfield code="w">2015-11-17</subfield>
    <subfield code="y">FOR</subfield>
  </datafield>
  <datafield tag="952" ind1=" " ind2=" ">
    <subfield code="0">0</subfield>
    <subfield code="1">0</subfield>
    <subfield code="2">ddc</subfield>
    <subfield code="4">0</subfield>
    <subfield code="6">FOR_LAY_2003_000000000000000_B143_OR_4</subfield>
    <subfield code="7">0</subfield>
    <subfield code="9">16881</subfield>
    <subfield code="a">LBB</subfield>
    <subfield code="b">LBB</subfield>
    <subfield code="c">B143</subfield>
    <subfield code="d">2015-11-17</subfield>
    <subfield code="l">1</subfield>
    <subfield code="o">FOR LAY 2003 B143 Or.4</subfield>
    <subfield code="p">RUA026851</subfield>
    <subfield code="r">2019-10-28</subfield>
    <subfield code="s">2019-06-11</subfield>
    <subfield code="w">2015-11-17</subfield>
    <subfield code="y">FOR</subfield>
  </datafield>
  <datafield tag="952" ind1=" " ind2=" ">
    <subfield code="0">0</subfield>
    <subfield code="1">0</subfield>
    <subfield code="2">ddc</subfield>
    <subfield code="4">0</subfield>
    <subfield code="6">FOR_LAY_2003_000000000000000_B143_OR_5</subfield>
    <subfield code="7">0</subfield>
    <subfield code="9">16882</subfield>
    <subfield code="a">LBB</subfield>
    <subfield code="b">LBB</subfield>
    <subfield code="c">B143</subfield>
    <subfield code="d">2015-11-17</subfield>
    <subfield code="o">FOR LAY 2003 B143 Or.5</subfield>
    <subfield code="p">RUA026995</subfield>
    <subfield code="r">2015-11-17</subfield>
    <subfield code="w">2015-11-17</subfield>
    <subfield code="y">FOR</subfield>
  </datafield>
  <datafield tag="952" ind1=" " ind2=" ">
    <subfield code="0">0</subfield>
    <subfield code="1">0</subfield>
    <subfield code="2">ddc</subfield>
    <subfield code="4">0</subfield>
    <subfield code="6">FOR_LAY_2003_000000000000000_B143_OR_6</subfield>
    <subfield code="7">0</subfield>
    <subfield code="9">16883</subfield>
    <subfield code="a">LBB</subfield>
    <subfield code="b">LBB</subfield>
    <subfield code="c">B143</subfield>
    <subfield code="d">2015-11-17</subfield>
    <subfield code="o">FOR LAY 2003 B143 Or.6</subfield>
    <subfield code="p">RUA026641</subfield>
    <subfield code="r">2015-11-17</subfield>
    <subfield code="w">2015-11-17</subfield>
    <subfield code="y">FOR</subfield>
  </datafield>
  <datafield tag="952" ind1=" " ind2=" ">
    <subfield code="0">0</subfield>
    <subfield code="1">0</subfield>
    <subfield code="2">ddc</subfield>
    <subfield code="4">0</subfield>
    <subfield code="6">FOR_LAY_2003_000000000000000_B143_OR_7</subfield>
    <subfield code="7">0</subfield>
    <subfield code="9">16884</subfield>
    <subfield code="a">LBB</subfield>
    <subfield code="b">LBB</subfield>
    <subfield code="c">B143</subfield>
    <subfield code="d">2015-11-17</subfield>
    <subfield code="o">FOR LAY 2003 B143 Or.7</subfield>
    <subfield code="p">RUA028619</subfield>
    <subfield code="r">2015-11-17</subfield>
    <subfield code="w">2015-11-17</subfield>
    <subfield code="y">FOR</subfield>
  </datafield>
  <datafield tag="952" ind1=" " ind2=" ">
    <subfield code="0">0</subfield>
    <subfield code="1">0</subfield>
    <subfield code="2">ddc</subfield>
    <subfield code="4">0</subfield>
    <subfield code="6">FOR_LAY_2003_000000000000000_B143_OR_8</subfield>
    <subfield code="7">0</subfield>
    <subfield code="9">16885</subfield>
    <subfield code="a">LBB</subfield>
    <subfield code="b">LBB</subfield>
    <subfield code="c">B143</subfield>
    <subfield code="d">2015-11-17</subfield>
    <subfield code="o">FOR LAY 2003 B143 Or.8</subfield>
    <subfield code="p">RUA028691</subfield>
    <subfield code="r">2015-11-17</subfield>
    <subfield code="w">2015-11-17</subfield>
    <subfield code="y">FOR</subfield>
  </datafield>
</record>
